• 首页
  • 本馆介绍
  • 公告通知
  • 最新文献
  • 馆藏检索
  • 电子资源
  • 读者导购
  • 参考咨询
  • 我的图书馆
  • 登录
  • 详细信息显示
  • 放入我的书架
  • 预约/预借图书
  • 作者相关作品
  • 分类相关作品
  • 丛书相关作品
  • 出版社相关作品

书目信息

  • 表格格式
  • 工作单格式
  • 卡片格式
题名:
母爱的颜色
    
 
作者: 谢菲 著
分册:  
出版信息: 北京   中国妇女出版社  2015.10
页数: 203页
开本: 24cm
丛书名:
单 册:
中图分类: G610.8
科图分类:
主题词: 胎教--基本知识
电子资源:
ISBN: 978-7-5127-1133-4
000 00884nam0 2200265 45
001 012001001233
005 20140820155223.0
010    @a978-7-5127-1133-4@dCNY39.80
099    @aCAL 012016113722
100    @a20151130d2015 em y0chiy0110 ea
101 0  @achi
102    @aCN@b110000
105    @aa z 000yy
106    @ar
200 1  @a母爱的颜色@Amu ai de yan se@e我的第一本艺术胎教书@f谢菲著
210    @a北京@c中国妇女出版社@d2015.10
215    @a203页@c彩图@d24cm
300    @a其他题名:我的第一本艺术胎教书
330    @a本书是专业权威、简单有效的艺术胎教书,从美声、美色、美味、美体、美感等方面介绍了什么是艺术胎教,为什么做、如何做有效的艺术胎教,以及快乐艺术胎教带来的奇迹。
517 1  @a我的第一本艺术胎教书
606 0  @a胎教@x基本知识
690    @aG610.8@v5
701  0 @a谢菲@Axie fei@4著
801    @aCN@bAHXH@c20210922
905    @b1248050-2@dG610.8@e1811@f3
    
    母爱的颜色:我的第一本艺术胎教书/谢菲著.-北京:中国妇女出版社,2015.10
    203页:彩图;24cm
    其他题名:我的第一本艺术胎教书
    
    ISBN 978-7-5127-1133-4:CNY39.80
    本书是专业权威、简单有效的艺术胎教书,从美声、美色、美味、美体、美感等方面介绍了什么是艺术胎教,为什么做、如何做有效的艺术胎教,以及快乐艺术胎教带来的奇迹。
●
相关链接 在E读中查询图书 在五车中查询图书 在当当中查询图书 在豆瓣中查询图书


正题名:母爱的颜色     索取号:G610.8/1811         预约/预借

序号 登录号 条形码 馆藏地/架位号 状态 备注
1 1248050   212480509   第一样本阅览室/ [索取号:G610.8/1811] 在馆    
2 1248051   212480518   第四借阅区/ [索取号:G610.8/1811] 在馆    
3 1248052   212480527   第四借阅区/ [索取号:G610.8/1811] 在馆    
唐山师范学院图书馆 欢迎您!
大连网信软件有限公司© 版权所有